| 000 | 00865nam a22002657a 4500 | ||
|---|---|---|---|
| 001 | BR9509193 | ||
| 003 | BR-BrBNA | ||
| 005 | 20230928095125.0 | ||
| 007 | ta | ||
| 008 | 230509b bl.||||| |||| 00| 0 por d | ||
| 040 |
_aBR-BrBNA _bpor _cBiblioteca Nacional de Agricultura |
||
| 041 | _a(Por) | ||
| 072 | _aE10; E70 | ||
| 090 | _ E10 BR9509193 | ||
| 110 | 1 |
_aSociedade Brasileira de Economia e Sociologia Rural, Brasilia, DF (Brasil) _99678 |
|
| 111 | 1 |
_a30. Congresso Brasileiro de Economia e Sociologia Rural _cRio de Janeiro, RJ (Brazil) _d3-6 Aug 1992 |
|
| 245 | 1 | _aAnais do 30. Congresso Brasileiro de Economia e Sociologia Rural | |
| 260 | 3 |
_aBrasilia, DF (Brasil): _c1992. |
|
| 300 | _a97 p. | ||
| 650 | _aEconomia Agricola | ||
| 650 | _aPolitica Comercial | ||
| 650 | _aPolitica Economica | ||
| 909 |
_a202309 _bLucia _c55 _dLucia Elande |
||
| 942 | _cBK | ||
| 999 |
_c54663 _d54663 |
||